00424 a2200157 4500003000400000005001700004008004100021020001800062040000900080082002000089100002000109245008200129250001200211260003300223300001000256OSt20231208100517.0231207b |||||||| |||| 00| 0 eng d a9788126466627 coclc a894.8128bWEI/O aWeiss, Brian L. aOre Aathmaavu, Anavadhi Sareerangal= Same Soul, Many Bodies /cBrian L. Weiss a5th ed. aKottayam:bD C Books,c2022. a272p.